| 000 | 00785nam a2200229 i 4500 | ||
|---|---|---|---|
| 001 | 188973 | ||
| 003 | ES-MaACL | ||
| 005 | 20250824203229.0 | ||
| 007 | t| | ||
| 008 | 190307s1966 sp ||||1| spa d | ||
| 100 | 1 |
_aKapp, K. W. _9166565 |
|
| 245 | 1 | 4 |
_aLos costes sociales de la empresa privada / _cK. William Kapp ; [versión de Santiago Udina Abelló y Tomás Lamarca]. |
| 260 |
_aBarcelona : _bOikos-Tau, _c[1966] |
||
| 300 |
_a317 p. ; _c21 cm. |
||
| 490 | 1 |
_aColección "Libros de Economía Oikos" ; _v11 |
|
| 650 | 4 |
_aProductividad. _9166566 |
|
| 700 | 0 |
_aUdina Abello, Santiago. _9111868 |
|
| 700 | 0 |
_aLamarca, Tomás. _969766 |
|
| 830 | 0 | 0 |
_aColección "Libros de economía Oikos" _v11 _9187436 |
| 852 |
_aES-MaACL _jP-522-Ter-11 |
||
| 999 |
_c188973 _d188973 |
||